00470nam a2200181 a 4500001001300000003000900013005001700022008004100039020001000080082001300090100002200103245004700125260004400172300000900216500003500225505001000260650001800270nice12345678IN_TiNIC20260116012725.0050524s1989 newa grp 000 0 eng  ac19000a954bEMB aEmbree, Ainslie T aImagining Indiab Essays on Indian History aNew YorkbOxford University Pressc1989 a220p aincludes index and biblioraphy2 aIndex aIndia-History